00373nam a2200145Ia 4500008004100000020001500041082001300056100001800069245005300087250000800140260002900148300001200177500002400189650001400213230524s9999 xx 000 0 und d a8175441402 a540bBHA aM.S.Bhatnagar 2aA Text Book of Pure & Applied Physical Chemistry a1ST aNEW DELHIbWheelerc1999 aXVI;904 aQuantity Number: 4 aChemistry